[Event "Rated Blitz game"]
[Site "?"]
[Date "2021.10.28"]
[Round "?"]
[White "Karjakin09"]
[Black "MischieviousPawn"]
[Result "0-1"]
[WhiteElo "2532"]
[BlackElo "2503"]
[PlyCount "70"]
[EventDate "2021.??.??"]
[EventType "blitz"]

1. e4 e5 2. Nf3 d5 3. Nxe5 Bd6 4. d4 dxe4 5. Nc3 Bxe5 6. dxe5 Qxd1+ 7. Nxd1 Nc6
8. Bb5 Bd7 9. Nc3 a6 10. Ba4 b5 11. Bb3 Nxe5 12. Nxe4 Bc6 13. f3 O-O-O 14. O-O
Bxe4 15. fxe4 Nf6 16. Bf4 Rhe8 17. Rae1 c5 18. Bxe5 Rxe5 19. Bxf7 Rxe4 20. Rxe4
Nxe4 21. Be6+ Kc7 22. c4 Rd2 23. cxb5 axb5 24. Re1 Ng5 25. Bf5 g6 26. Bg4 Kd6
27. h4 Nf7 28. Re6+ Kd5 29. Rf6 Ne5 30. Bf3+ Nxf3+ 31. Rxf3 Rxb2 32. a3 c4 33.
Rf7 Rb3 34. Rxh7 Rxa3 35. Rg7 c3 {Normal} 0-1

[Event "Rated Blitz game"]
[Site "?"]
[Date "2021.10.28"]
[Round "?"]
[White "TigranDrawosian"]
[Black "Benny_Watts_2005"]
[Result "1-0"]
[WhiteElo "2568"]
[BlackElo "2430"]
[PlyCount "59"]
[EventDate "2021.??.??"]
[EventType "blitz"]

1. e4 e5 2. Nf3 d5 3. Nxe5 Bd6 4. d4 dxe4 5. Bf4 Nf6 6. Nc3 Nc6 7. Bb5 Bd7 8.
Bxc6 Bxc6 9. Nxc6 bxc6 10. Bg5 Be7 11. O-O O-O 12. Re1 Rb8 13. b3 Bb4 14. Bxf6
Qxf6 15. Nxe4 Qg6 16. c3 Bd6 17. Qf3 Be7 18. g3 f5 19. Nd2 Bd6 20. Nc4 f4 21.
Ne5 fxg3 22. Qxg3 Qf5 23. Re2 c5 24. d5 Rbe8 25. Rae1 Rxe5 26. Rxe5 Bxe5 27.
Rxe5 Qb1+ 28. Kg2 Qxa2 29. Re7 Qxb3 30. Qxg7# {Normal} 1-0

[Event "Rated Blitz game"]
[Site "?"]
[Date "2021.10.28"]
[Round "?"]
[White "NocteSidus"]
[Black "MischieviousPawn"]
[Result "0-1"]
[WhiteElo "2515"]
[BlackElo "2511"]
[PlyCount "90"]
[EventDate "2021.??.??"]
[EventType "blitz"]

1. e4 e5 2. Nf3 d5 3. d4 dxe4 4. Nxe5 Bd6 5. Nc4 Nf6 6. Nxd6+ Qxd6 7. c4 Nc6 8.
Be3 Bg4 9. Be2 Bxe2 10. Qxe2 Nxd4 11. Bxd4 Qxd4 12. Nc3 O-O-O 13. Rd1 Qe5 14.
O-O h5 15. f3 Qc5+ 16. Kh1 exf3 17. Qxf3 Rxd1 18. Rxd1 Qxc4 19. Qf5+ Qe6 20.
Qa5 a6 21. Qg5 Qg4 22. Qe5 Re8 23. Qg3 Qxg3 24. hxg3 Ne4 25. Nxe4 Rxe4 26. Rd5
g6 27. Rd2 c5 28. Kg1 Kc7 29. Kf2 b5 30. Kf3 Re5 31. Kf4 Rf5+ 32. Ke4 Kc6 33.
a3 a5 34. b3 Rg5 35. Kf4 Rd5 36. Re2 c4 37. bxc4 bxc4 38. Re7 c3 39. Re3 Rc5
40. Re1 Kb5 41. Ke3 c2 42. Kd2 c1=Q+ 43. Rxc1 Rxc1 44. Kxc1 Kc4 45. Kc2 a4 {
Normal} 0-1

[Event "Rated Blitz tournament e8F3wNP4"]
[Site "?"]
[Date "2021.10.28"]
[Round "?"]
[White "Madjrs72"]
[Black "VVV-31"]
[Result "1-0"]
[WhiteElo "2438"]
[BlackElo "2309"]
[PlyCount "87"]
[EventDate "2021.??.??"]
[EventType "blitz"]

1. e4 e5 2. Nf3 d5 3. exd5 Bd6 4. d4 e4 5. Ne5 Nf6 6. Bb5+ Bd7 7. Bxd7+ Nbxd7
8. Bf4 Nxd5 9. Bg3 O-O 10. O-O f5 11. c4 f4 12. cxd5 fxg3 13. hxg3 Nxe5 14.
dxe5 Bxe5 15. Nc3 e3 16. fxe3 Bxg3 17. Qg4 Qd6 18. Ne4 Bh2+ 19. Kh1 Qh6 20. Qh3
Qxh3 21. gxh3 Be5 22. Nc5 b6 23. Nd3 Bd6 24. e4 Rae8 25. Rxf8+ Kxf8 26. Re1 Be5
27. Kg2 Bd4 28. Kf3 Ke7 29. e5 Rf8+ 30. Ke4 c5 31. d6+ Kd7 32. Kd5 Rf5 33. b4
Bc3 34. Rg1 g6 35. bxc5 bxc5 36. Nxc5+ Ke8 37. Nd3 Kd7 38. Rc1 Ba5 39. Nc5+ Ke8
40. Ne6 Kd7 41. Ng7 Rg5 42. h4 Rg2 43. e6+ Kd8 44. e7+ {Normal} 1-0

[Event "Rated Blitz game"]
[Site "?"]
[Date "2021.10.28"]
[Round "?"]
[White "Oleggelo17"]
[Black "alaeldin1212"]
[Result "1-0"]
[WhiteElo "2499"]
[BlackElo "2401"]
[PlyCount "105"]
[EventDate "2021.??.??"]
[EventType "blitz"]

1. e4 e5 2. Nf3 d5 3. Nxe5 Bd6 4. d4 dxe4 5. Be2 Nf6 6. O-O h6 7. Nc3 O-O 8.
Nc4 Nc6 9. Nxd6 cxd6 10. d5 Ne7 11. Bf4 a6 12. Re1 Re8 13. a4 b6 14. h3 Bb7 15.
Bc4 Rc8 16. Bb3 Ng6 17. Be3 Re5 18. Qd4 Rc5 19. Qb4 a5 20. Qd4 Bxd5 21. Nxd5
Nxd5 22. Bxd5 Rcxd5 23. Qxb6 Qxb6 24. Bxb6 Rd2 25. b4 axb4 26. a5 Rxc2 27. a6
Rc8 28. a7 Ra8 29. Bc7 f5 30. Bxd6 Rb5 31. Reb1 b3 32. Ra3 Kf7 33. Bb8 Ne7 34.
Raxb3 Rxb3 35. Rxb3 Nc6 36. Kf1 Nxa7 37. Rb7+ Ke6 38. Bxa7 g5 39. Ke2 f4 40.
Bd4 h5 41. Rb5 Ra2+ 42. Ke1 Ra4 43. Bc3 Ra3 44. Bb2 Ra2 45. Kd2 g4 46. hxg4
hxg4 47. Kc2 e3 48. fxe3 fxe3 49. Re5+ Kd6 50. Rxe3 Kd5 51. Ra3 Rxa3 52. Bxa3
Ke4 53. g3 {Time forfeit} 1-0

[Event "Rated Blitz tournament e8F3wNP4"]
[Site "?"]
[Date "2021.10.28"]
[Round "?"]
[White "Zbalayev123"]
[Black "Madjrs72"]
[Result "1-0"]
[WhiteElo "2420"]
[BlackElo "2437"]
[PlyCount "81"]
[EventDate "2021.??.??"]
[EventType "blitz"]

1. e4 e5 2. Nf3 d5 3. Nxe5 Bd6 4. d4 dxe4 5. Nc3 Bxe5 6. dxe5 Qxd1+ 7. Kxd1 Nc6
8. Bb5 Bd7 9. Be3 O-O-O 10. Bxc6 Bxc6+ 11. Ke2 Ne7 12. Rad1 Ng6 13. e6 f5 14.
g3 Rhe8 15. Rxd8+ Kxd8 16. Bg5+ Kc8 17. Rd1 h6 18. Be3 Rxe6 19. a4 b6 20. b3
Ne5 21. h4 Ng4 22. Bf4 Nf6 23. Nb5 Bxb5+ 24. axb5 Re7 25. c4 Rd7 26. Rxd7 Nxd7
27. Be3 Kb7 28. Bd4 g5 29. hxg5 hxg5 30. b4 c6 31. bxc6+ Kxc6 32. b5+ Kb7 33.
Kd2 a6 34. Kc3 axb5 35. cxb5 Kc7 36. Be3 g4 37. Bf4+ Kb7 38. Kc4 Nc5 39. Be3
Nd3 40. Kd5 Kc7 41. Ke6 {Normal} 1-0

[Event "Rated Blitz game"]
[Site "?"]
[Date "2021.10.28"]
[Round "?"]
[White "Frogkiller"]
[Black "MischieviousPawn"]
[Result "1-0"]
[WhiteElo "2564"]
[BlackElo "2543"]
[PlyCount "49"]
[EventDate "2021.??.??"]
[EventType "blitz"]

1. e4 e5 2. Nf3 d5 3. Nxe5 Bd6 4. d4 dxe4 5. Nc4 Nf6 6. Bg5 Nc6 7. Nc3 Bf5 8.
Be2 O-O 9. Qd2 Bb4 10. a3 Be7 11. O-O-O b5 12. Ne5 Na5 13. Nxb5 c6 14. Nc3 Rb8
15. b4 Nd5 16. Bxe7 Qxe7 17. Na4 Nxb4 18. axb4 Rxb4 19. Nc5 Rfb8 20. Qc3 Qg5+
21. Qe3 Qxg2 22. Kd2 Rb2 23. h4 Nb3+ 24. Kc3 Nxc5 25. dxc5 {Time forfeit} 1-0

[Event "Rated Blitz game"]
[Site "?"]
[Date "2021.10.28"]
[Round "?"]
[White "kintoho"]
[Black "MischieviousPawn"]
[Result "1-0"]
[WhiteElo "2581"]
[BlackElo "2535"]
[PlyCount "53"]
[EventDate "2021.??.??"]
[EventType "blitz"]

1. e4 e5 2. Nf3 d5 3. d4 dxe4 4. Nxe5 Bd6 5. Bc4 Bxe5 6. Qh5 Qe7 7. dxe5 Nc6 8.
Bf4 Be6 9. Bxe6 Qxe6 10. O-O O-O-O 11. Nc3 f5 12. exf6 Nxf6 13. Qg5 h6 14. Qb5
a6 15. Qc5 g5 16. Bg3 h5 17. Qxg5 h4 18. Bxh4 Nd7 19. Bg3 Rdg8 20. Qf4 Nde5 21.
Nxe4 Rg4 22. Qe3 Nc4 23. Nc5 Nxe3 24. Nxe6 Nxf1 25. Rxf1 Rh7 26. h3 Re4 27. Ng5
{Normal} 1-0

[Event "Rated Blitz game"]
[Site "?"]
[Date "2021.10.28"]
[Round "?"]
[White "js20000"]
[Black "MischieviousPawn"]
[Result "1-0"]
[WhiteElo "2590"]
[BlackElo "2526"]
[PlyCount "103"]
[EventDate "2021.??.??"]
[EventType "blitz"]

1. e4 e5 2. Nf3 d5 3. Nxe5 Bd6 4. d4 dxe4 5. Nc3 Bxe5 6. dxe5 Qxd1+ 7. Kxd1 Nc6
8. Nxe4 Nxe5 9. Bf4 Bg4+ 10. Kc1 O-O-O 11. f3 Nxf3 12. Nf2 Bh5 13. gxf3 Bxf3
14. Rg1 Nf6 15. Bg2 Bh5 16. b3 Rhe8 17. Kb2 Re2 18. Rgf1 Bg6 19. Rac1 Nh5 20.
Bg3 Nxg3 21. hxg3 Rdd2 22. Bh3+ Kb8 23. Ng4 Rxc2+ 24. Rxc2 Rxc2+ 25. Ka3 f6 26.
Re1 a5 27. Re7 c6 28. Ne3 Re2 29. Nf5 b5 30. Rxe2 Ka7 31. Re7+ Kb6 32. Rxg7 Kc5
33. Ne7 Bd3 34. Bf5 Bf1 35. Rxh7 Kd4 36. Kb2 c5 37. Nc6+ Ke3 38. Nxa5 c4 39.
bxc4 bxc4 40. Kc3 Kf3 41. Rh6 Kxg3 42. Rxf6 Kf4 43. Bh3+ Ke5 44. Rxf1 Kd6 45.
Nxc4+ Kc5 46. Rf6 Kb5 47. a4+ Kc5 48. a5 Kd5 49. Bg2+ Kc5 50. a6 Kb5 51. a7 Kc5
52. Rf5# {Normal} 1-0

[Event "Rated Blitz game"]
[Site "?"]
[Date "2021.10.28"]
[Round "?"]
[White "Frutek"]
[Black "GrandeGila"]
[Result "1-0"]
[WhiteElo "2599"]
[BlackElo "2524"]
[PlyCount "43"]
[EventDate "2021.??.??"]
[EventType "blitz"]

1. e4 e5 2. Nf3 d5 3. exd5 e4 4. Qe2 Nf6 5. d3 Qxd5 6. Nbd2 Be7 7. dxe4 Qe6 8.
Qc4 Qd7 9. Ne5 Qe6 10. Qxe6 Bxe6 11. Bc4 Bxc4 12. Nexc4 O-O 13. O-O Re8 14. f3
Bc5+ 15. Kh1 Nc6 16. Nb3 Bf8 17. Be3 Nb4 18. Rf2 b6 19. a3 Nc6 20. Nd4 Bc5 21.
Nxc6 Bxe3 22. Nxe3 {Normal} 1-0

[Event "Rated Blitz tournament ZYYma3So"]
[Site "?"]
[Date "2021.10.28"]
[Round "?"]
[White "ElCreadorDeUnGm"]
[Black "championdemala"]
[Result "1-0"]
[WhiteElo "2249"]
[BlackElo "2404"]
[PlyCount "59"]
[EventDate "2021.??.??"]
[EventType "blitz"]

1. e4 e5 2. Nf3 d5 3. Nxe5 Bd6 4. d4 dxe4 5. Nc3 Bxe5 6. dxe5 Qxd1+ 7. Nxd1 Nc6
8. Nc3 Nxe5 9. Nb5 Kd8 10. Bf4 f6 11. O-O-O+ Bd7 12. Nc3 Ng6 13. Nxe4 Nxf4 14.
Nc5 Ke8 15. Rxd7 b6 16. Bb5 bxc5 17. Rd4+ Kf8 18. Rxf4 Ne7 19. Rd1 Ng6 20. Rc4
Ne5 21. Rxc5 Kf7 22. Rxc7+ Kg6 23. f4 Ng4 24. Rdd7 Rhg8 25. h3 Ne3 26. g4 Rad8
27. Bd3+ Kh6 28. Rc5 g6 29. Rh5+ gxh5 30. Rxh7# {Normal} 1-0

[Event "Rated Blitz game"]
[Site "?"]
[Date "2021.10.28"]
[Round "?"]
[White "Tiger1958"]
[Black "RiskyBlitzer"]
[Result "1-0"]
[WhiteElo "2423"]
[BlackElo "2514"]
[PlyCount "57"]
[EventDate "2021.??.??"]
[EventType "blitz"]

1. e4 e5 2. Nf3 d5 3. d4 dxe4 4. Nxe5 Bd6 5. Bf4 Qe7 6. Bc4 Bxe5 7. Bxe5 Nf6 8.
Nc3 Nbd7 9. Bg3 O-O 10. O-O c6 11. d5 cxd5 12. Nxd5 Nxd5 13. Bxd5 Nf6 14. Bb3
Rd8 15. Qe2 Bg4 16. f3 Bh5 17. Rae1 Qc5+ 18. Bf2 Qg5 19. Be3 exf3 20. Qxf3 Qb5
21. Qg3 Re8 22. Rxf6 Rxe3 23. Rxe3 Qc5 24. Kh1 Rd8 25. h3 Bg6 26. Ref3 gxf6 27.
h4 h5 28. Qxg6+ Kf8 29. Qxf7# {Normal} 1-0

[Event "Rated Blitz game"]
[Site "?"]
[Date "2021.10.28"]
[Round "?"]
[White "Tuzibaba"]
[Black "MischieviousPawn"]
[Result "1-0"]
[WhiteElo "2638"]
[BlackElo "2516"]
[PlyCount "89"]
[EventDate "2021.??.??"]
[EventType "blitz"]

1. e4 e5 2. Nf3 d5 3. exd5 e4 4. Qe2 Nf6 5. d3 Be7 6. dxe4 c6 7. dxc6 Nxc6 8.
Nc3 O-O 9. Bd2 Bb4 10. O-O-O Be6 11. a3 Be7 12. e5 Nd5 13. Nxd5 Qxd5 14. c4 Qc5
15. Be3 Qa5 16. Bd2 Qb6 17. Qe3 Bc5 18. Qg5 Bxf2 19. Bd3 h6 20. Qh5 Rad8 21.
Bc3 Nd4 22. Rhf1 Nb3+ 23. Kc2 Bd4 24. Nxd4 Nxd4+ 25. Kb1 Nc6 26. Qf3 Qb3 27.
Qe4 Rxd3 28. Qxd3 Bxc4 29. Qc2 Qa2+ 30. Kc1 Rc8 31. Rf4 Be6 32. Kd2 Qd5+ 33.
Kc1 Qa2 34. Rd6 Na5 35. Kd2 Nc4+ 36. Rxc4 Qxc4 37. Qd3 Qf4+ 38. Qe3 Qxh2 39.
Qf3 Qg1 40. Rd4 Bb3 41. e6 Bxe6 42. Qg3 Bb3 43. Qg4 Re8 44. Re4 Rxe4 45. Qxg7#
{Normal} 1-0

[Event "Rated Blitz game"]
[Site "?"]
[Date "2021.10.28"]
[Round "?"]
[White "ReinaldoR"]
[Black "MischieviousPawn"]
[Result "0-1"]
[WhiteElo "2559"]
[BlackElo "2550"]
[PlyCount "134"]
[EventDate "2021.??.??"]
[EventType "blitz"]

1. e4 e5 2. Nf3 d5 3. exd5 e4 4. Qe2 Nf6 5. d3 Qxd5 6. dxe4 Qxe4 7. Nc3 Bb4 8.
Bd2 Qxe2+ 9. Bxe2 O-O 10. O-O Bf5 11. Nd4 Bg6 12. Rac1 Rd8 13. Be3 Bxc3 14.
bxc3 c6 15. Rb1 b6 16. Bf3 Be4 17. Bg5 Bxf3 18. Nxf3 Nbd7 19. Rfd1 h6 20. Bxf6
Nxf6 21. Ne5 c5 22. Nc6 Re8 23. Re1 Nd5 24. c4 Nc7 25. f3 g5 26. Kf2 Ne6 27. c3
Kg7 28. g3 Rac8 29. Ne5 Re7 30. a4 Rd8 31. Rbd1 Rde8 32. Nc6 Rc7 33. Ne5 Ree7
34. Ng4 Nf8 35. Ne3 Rcd7 36. Nf5+ Kf6 37. Nxe7 Rxe7 38. Rxe7 Kxe7 39. Ke3 Ne6
40. Ke4 f6 41. Kd5 Nd8 42. Ke4 Ne6 43. Kf5 Nf8 44. Re1+ Kf7 45. Re2 h5 46. Rd2
Ng6 47. Rd6 Ne7+ 48. Ke4 h4 49. Rd7 Ke6 50. Rxe7+ Kxe7 51. Kf5 hxg3 52. hxg3
Kf7 53. Ke4 Ke6 54. g4 a6 55. Ke3 Ke5 56. Ke2 a5 57. Ke3 f5 58. gxf5 Kxf5 59.
Ke2 Kf4 60. Kf2 Ke5 61. Kg3 Kf5 62. Kf2 Kf4 63. Ke2 g4 64. fxg4 Kxg4 65. Ke3
Kf5 66. Kf3 Ke6 67. Ke4 Kd6 {Time forfeit} 0-1

[Event "Rated Blitz game"]
[Site "?"]
[Date "2021.10.28"]
[Round "?"]
[White "Pescaderocalvo"]
[Black "RCompany_1"]
[Result "0-1"]
[WhiteElo "2550"]
[BlackElo "2405"]
[PlyCount "20"]
[EventDate "2021.??.??"]
[EventType "blitz"]

1. e4 e5 2. Nf3 d5 3. exd5 e4 4. Qe2 Nf6 5. Nc3 Be7 6. Nxe4 Nxd5 7. d3 O-O 8.
Be3 Re8 9. O-O-O f5 10. Nc3 Nxc3 {Normal} 0-1

[Event "Rated Blitz game"]
[Site "?"]
[Date "2021.10.28"]
[Round "?"]
[White "Kenkeleng"]
[Black "Lasker-on-speed"]
[Result "0-1"]
[WhiteElo "2446"]
[BlackElo "2382"]
[PlyCount "42"]
[EventDate "2021.??.??"]
[EventType "blitz"]

1. e4 e5 2. Nf3 d5 3. Nxe5 Bd6 4. d4 dxe4 5. Nc4 Nf6 6. Bg5 O-O 7. Nc3 Be7 8.
Be2 Nc6 9. d5 Nb4 10. Ne3 Nfxd5 11. Ncxd5 Nxd5 12. Qxd5 Bxg5 13. Qxe4 Re8 14.
Qf3 Bxe3 15. fxe3 Qg5 16. Kf2 Re6 17. h4 Qe5 18. Rad1 Bd7 19. Rxd7 Rf6 20. Rhd1
Re8 21. Bc4 Qxe3+ {Normal} 0-1

[Event "Rated Blitz game"]
[Site "?"]
[Date "2021.10.28"]
[Round "?"]
[White "ApesTutoring"]
[Black "Annali-annaliew1979"]
[Result "0-1"]
[WhiteElo "2660"]
[BlackElo "2484"]
[PlyCount "76"]
[EventDate "2021.??.??"]
[EventType "blitz"]

1. e4 e5 2. Nf3 d5 3. exd5 e4 4. Nd4 f5 5. c4 Nf6 6. Nc3 c5 7. Nc2 Bd6 8. d3
O-O 9. h3 a6 10. Be2 Nbd7 11. O-O Qe8 12. f4 Qg6 13. Qe1 Re8 14. Qf2 exd3 15.
Bxd3 Ne4 16. Bxe4 fxe4 17. Ne3 Nf6 18. f5 Qf7 19. Ng4 Nxg4 20. hxg4 Be5 21. Be3
Qe7 22. Bxc5 Qg5 23. Nxe4 Qxg4 24. Nd6 Qh5 25. g3 Bxd6 26. Bxd6 Re2 27. Rae1
Rxf2 28. Rxf2 Bxf5 29. Re5 g6 30. Be7 Qd1+ 31. Kg2 Qd4 32. Rfe2 Qxc4 33. d6 Bd7
34. b3 Bc6+ 35. Kh3 Qc1 36. Bg5 Qf1+ 37. Kh4 h5 38. Rh2 Qf3 {Normal} 0-1

[Event "Rated Blitz game"]
[Site "?"]
[Date "2021.10.28"]
[Round "?"]
[White "li_ann"]
[Black "Parets"]
[Result "0-1"]
[WhiteElo "2411"]
[BlackElo "2248"]
[PlyCount "28"]
[EventDate "2021.??.??"]
[EventType "blitz"]

1. e4 e5 2. Nf3 d5 3. exd5 Bd6 4. Nc3 Nf6 5. Bb5+ c6 6. dxc6 bxc6 7. Bc4 e4 8.
Ng5 O-O 9. O-O Bxh2+ 10. Kh1 Ng4 11. Ncxe4 Bf4 12. d3 Bxc1 13. Qxc1 h6 14. Nxf7
Qh4+ {Normal} 0-1

[Event "Rated Blitz game"]
[Site "?"]
[Date "2021.10.28"]
[Round "?"]
[White "Stratersest"]
[Black "Benny_Watts_2005"]
[Result "0-1"]
[WhiteElo "2749"]
[BlackElo "2424"]
[PlyCount "118"]
[EventDate "2021.??.??"]
[EventType "blitz"]

1. e4 e5 2. Nf3 d5 3. exd5 e4 4. Qe2 Nf6 5. d3 Qxd5 6. Nbd2 Nc6 7. Nxe4 Be6 8.
Nxf6+ gxf6 9. c3 O-O-O 10. Be3 Bc5 11. d4 Bb6 12. Qd2 Rhe8 13. h3 Bf5 14. Be2
a5 15. O-O Rg8 16. Kh2 Ne7 17. Rg1 c6 18. Rae1 Ng6 19. c4 Bc7+ 20. g3 Qd7 21.
d5 Bxh3 22. c5 cxd5 23. c6 bxc6 24. Ba6+ Kb8 25. Qd4 Bd6 26. Qb6+ Ka8 27. Qxa5
Bc7 28. Qc5 Bb8 29. Qa3 Bg4 30. Bc8+ Ba7 31. Bxd7 Rxd7 32. Bxa7 Rxa7 33. Qe3
Re7 34. Qc5 Rc7 35. Re3 Kb7 36. Rb3+ Kc8 37. Nd4 Ne5 38. Qa5 Kd7 39. Qc5 Rg5
40. f4 Rh5+ 41. Kg2 Nc4 42. Nxc6 Rxc6 43. Rb7+ Ke6 44. Qxc6+ Kf5 45. Qxd5+ Ne5
46. fxe5 fxe5 47. Rf1+ Kg5 48. Qf3 Bxf3+ 49. Rxf3 f6 50. Rg7+ Kh6 51. Rg8 f5
52. Rxf5 Rxf5 53. g4 Rg5 54. Rxg5 Kxg5 55. b4 Kxg4 56. b5 e4 57. b6 e3 58. b7
e2 59. b8=Q e1=Q {Time forfeit} 0-1

[Event "Rated Blitz game"]
[Site "?"]
[Date "2021.10.28"]
[Round "?"]
[White "Maurice93"]
[Black "MischieviousPawn"]
[Result "1-0"]
[WhiteElo "2542"]
[BlackElo "2539"]
[PlyCount "65"]
[EventDate "2021.??.??"]
[EventType "blitz"]

1. e4 e5 2. Nf3 d5 3. Nxe5 Bd6 4. d4 dxe4 5. Nc4 Nf6 6. Nc3 Nc6 7. Nxd6+ Qxd6
8. Be3 Bf5 9. h3 O-O-O 10. g4 Bg6 11. Ne2 Nd5 12. Qd2 h5 13. g5 Nxe3 14. fxe3
h4 15. Nf4 Bf5 16. O-O-O Qe7 17. Rg1 Ne5 18. Be2 Nf3 19. Qa5 Nxg1 20. Qxf5+ Kb8
21. Rxg1 Rd6 22. Bc4 Rf8 23. Qc5 b6 24. Qb4 c6 25. g6 fxg6 26. Nxg6 Rxg6 27.
Qxe7 Rxg1+ 28. Kd2 Rf3 29. Ba6 Rg2+ 30. Kc3 Rxe3+ 31. Kb4 c5+ 32. dxc5 bxc5+
33. Ka5 {Normal} 1-0

[Event "Rated Blitz game"]
[Site "?"]
[Date "2021.10.28"]
[Round "?"]
[White "RIBERCHESS"]
[Black "alaeldin1212"]
[Result "0-1"]
[WhiteElo "2442"]
[BlackElo "2405"]
[PlyCount "28"]
[EventDate "2021.??.??"]
[EventType "blitz"]

1. e4 e5 2. Nf3 d5 3. Nxe5 Bd6 4. Nxf7 Kxf7 5. Qh5+ Kf8 6. Qxd5 Nc6 7. Bc4 Ne5
8. Qb5 Nf6 9. d3 c6 10. Qb3 Nfg4 11. h3 Qh4 12. O-O Nf3+ 13. Kh1 Qxf2 14. Nd2
Qxf1+ {Normal} 0-1

[Event "Rated Blitz game"]
[Site "?"]
[Date "2021.10.28"]
[Round "?"]
[White "jasonmendoza2"]
[Black "MischieviousPawn"]
[Result "1-0"]
[WhiteElo "2573"]
[BlackElo "2533"]
[PlyCount "55"]
[EventDate "2021.??.??"]
[EventType "blitz"]

1. e4 e5 2. Nf3 d5 3. exd5 e4 4. Ne5 Qxd5 5. d4 exd3 6. Nxd3 Nc6 7. Nc3 Qa5 8.
Bd2 Be6 9. Nf4 O-O-O 10. Nxe6 fxe6 11. Bc4 Nf6 12. Bxe6+ Kb8 13. O-O Bd6 14.
Nd5 Qc5 15. Be3 Qa5 16. c4 Be5 17. Qb3 Nd4 18. Bxd4 Bxd4 19. Nxf6 Bxf6 20. Bd5
c6 21. Bxc6 Qc7 22. Bd5 Rhe8 23. Rfe1 Bd4 24. g3 Bb6 25. a4 Rf8 26. Re2 Bd4 27.
a5 Qc5 28. Qxb7# {Normal} 1-0

[Event "Rated Blitz game"]
[Site "?"]
[Date "2021.10.28"]
[Round "?"]
[White "girafik"]
[Black "MischieviousPawn"]
[Result "1-0"]
[WhiteElo "2575"]
[BlackElo "2532"]
[PlyCount "53"]
[EventDate "2021.??.??"]
[EventType "blitz"]

1. e4 e5 2. Nf3 d5 3. Nxe5 Bc5 4. d4 Bd6 5. exd5 Nf6 6. c4 c6 7. dxc6 Nxc6 8.
Nxc6 bxc6 9. Be2 O-O 10. O-O Qc7 11. h3 Bf5 12. Nc3 Qd7 13. f4 Rad8 14. Be3
Bxh3 15. gxh3 Qxh3 16. Rf3 Qg4+ 17. Kf2 Qh4+ 18. Rg3 Bxf4 19. Bxf4 Qxf4+ 20.
Kg2 Rxd4 21. Qf1 Qc7 22. Rd1 Rfd8 23. Rxd4 Rxd4 24. Qf2 Rd2 25. Qe3 Rxb2 26.
Qg5 h6 27. Qxg7# {Normal} 1-0

[Event "Rated Blitz game"]
[Site "?"]
[Date "2021.10.28"]
[Round "?"]
[White "Freiheit"]
[Black "mirekkk14"]
[Result "0-1"]
[WhiteElo "2448"]
[BlackElo "2402"]
[PlyCount "74"]
[EventDate "2021.??.??"]
[EventType "blitz"]

1. e4 e5 2. Nf3 d5 3. Nxe5 Bd6 4. d4 dxe4 5. Nc4 Nf6 6. Be2 O-O 7. O-O Re8 8.
Bg5 Be7 9. Ne3 h6 10. Bh4 c6 11. c4 Na6 12. Nc3 Nc7 13. Qd2 Ne6 14. Rad1 Nf4
15. d5 Bb4 16. Rfe1 Nxe2+ 17. Qxe2 Bxc3 18. bxc3 g5 19. Bg3 Qa5 20. h4 Kg7 21.
hxg5 hxg5 22. Qd2 Bd7 23. Nc2 Kg6 24. Nb4 Rad8 25. Re3 Bf5 26. Bh2 Qc5 27. Rg3
Nh7 28. Nc2 Qxc4 29. Ne3 Qd3 30. Qc1 Qa6 31. Nxf5 Kxf5 32. c4 cxd5 33. cxd5 Kg6
34. d6 f6 35. Qc7 Qb6 36. Rh3 Qxc7 37. dxc7 Rxd1# {Normal} 0-1

[Event "Rated Blitz game"]
[Site "?"]
[Date "2021.10.28"]
[Round "?"]
[White "aruina2"]
[Black "malcriado007"]
[Result "0-1"]
[WhiteElo "2537"]
[BlackElo "2564"]
[PlyCount "78"]
[EventDate "2021.??.??"]
[EventType "blitz"]

1. e4 e5 2. Nf3 d5 3. Nxe5 Bd6 4. d4 dxe4 5. Nc4 Nf6 6. Nxd6+ Qxd6 7. Be2 O-O
8. Be3 Bf5 9. c4 Qb4+ 10. Qd2 Qxd2+ 11. Nxd2 Nbd7 12. b4 a5 13. b5 c6 14. a4
Rfe8 15. O-O Bg4 16. Bxg4 Nxg4 17. h3 Ngf6 18. Rfb1 Rac8 19. Nb3 Ra8 20. Bd2
cxb5 21. axb5 b6 22. c5 a4 23. Nc1 bxc5 24. dxc5 Nxc5 25. Be3 Nb7 26. Ra3 Nd5
27. Ne2 f5 28. Bd4 f4 29. Rba1 Ra5 30. Rxa4 Rxb5 31. Ra7 f3 32. Ng3 fxg2 33.
Nf5 Nf4 34. Bxg7 Rxf5 35. Rxb7 Rg5 36. Bf6 Ne2+ 37. Kh2 g1=Q+ 38. Rxg1 Rxg1 39.
Rb2 Rg6 {Normal} 0-1

[Event "Rated Blitz game"]
[Site "?"]
[Date "2021.10.28"]
[Round "?"]
[White "MassterofMayhem"]
[Black "MischieviousPawn"]
[Result "1-0"]
[WhiteElo "2644"]
[BlackElo "2552"]
[PlyCount "137"]
[EventDate "2021.??.??"]
[EventType "blitz"]

1. e4 e5 2. Nf3 d5 3. exd5 e4 4. Qe2 Nf6 5. d3 Qxd5 6. Nbd2 Qa5 7. dxe4 a6 8.
g3 Nc6 9. c3 Bg4 10. Bg2 O-O-O 11. h3 Bxf3 12. Bxf3 Ne5 13. O-O h5 14. Bg2 Qb5
15. Qxb5 axb5 16. f4 Nd3 17. Nb3 c5 18. e5 Nd5 19. Be4 c4 20. Bxd3 cxd3 21. Rd1
Nb6 22. Nd4 h4 23. g4 g5 24. f5 Rd5 25. Bxg5 Bc5 26. Rxd3 Rxe5 27. Bf6 Rhe8 28.
Bxe5 Rxe5 29. Rf1 Nc4 30. b3 Ne3 31. Re1 Nxg4 32. Rxe5 Nxe5 33. Re3 f6 34. Kg2
b4 35. Kf1 Kb8 36. Rxe5 fxe5 37. Ne6 Be7 38. cxb4 Kc8 39. Ke2 Kd7 40. a3 Kd6
41. Kd3 Kd5 42. Nc5 e4+ 43. Nxe4 Bg5 44. Nxg5 Ke5 45. Nf3+ Kxf5 46. Nxh4+ Kf4
47. Ng2+ Kg3 48. h4 Kg4 49. Kc4 Kh5 50. Kb5 Kg4 51. Kb6 Kg3 52. Kxb7 Kxg2 53.
h5 Kf3 54. h6 Ke3 55. h7 Kd3 56. h8=Q Kc2 57. Qh3 Kb2 58. a4 Ka3 59. a5 Ka2 60.
b5 Ka3 61. b6 Kb4 62. a6 Kb5 63. a7 Kb4 64. a8=Q Kc5 65. Qa5+ Kd6 66. Qh6+ Ke7
67. Qe5+ Kd8 68. Qed6+ Ke8 69. Qhf8# {Normal} 1-0

[Event "Rated Blitz game"]
[Site "?"]
[Date "2021.10.28"]
[Round "?"]
[White "tactinhos2900"]
[Black "MischieviousPawn"]
[Result "0-1"]
[WhiteElo "2604"]
[BlackElo "2575"]
[PlyCount "130"]
[EventDate "2021.??.??"]
[EventType "blitz"]

1. e4 e5 2. Nf3 d5 3. exd5 e4 4. Qe2 Nf6 5. d3 Qxd5 6. dxe4 Qxe4 7. Nc3 Bb4 8.
Bd2 Qxe2+ 9. Bxe2 O-O 10. O-O-O c6 11. h3 h6 12. a3 Ba5 13. g4 Be6 14. Nd4 Bxc3
15. Bxc3 Ne4 16. Be1 Bd5 17. c4 Be6 18. f4 Bc8 19. Bf3 Nf6 20. Bb4 Re8 21. g5
hxg5 22. fxg5 Nfd7 23. Bd6 Ne5 24. Bxe5 Rxe5 25. Rhe1 Rxe1 26. Rxe1 Bd7 27. h4
Kf8 28. h5 Na6 29. b4 Nc7 30. Kb2 Ne6 31. Bg4 Nxd4 32. Bxd7 Nf3 33. Rd1 Nxg5
34. Bg4 Ke7 35. Rd7+ Kf6 36. Rxb7 a5 37. Rc7 Ra6 38. Kb3 axb4 39. axb4 Ne6 40.
Bxe6 Kxe6 41. b5 cxb5 42. cxb5 Rb6 43. Kb4 Rb8 44. Kc5 Rh8 45. b6 Rxh5+ 46. Kc6
Rh1 47. b7 Rc1+ 48. Kb6 Rb1+ 49. Ka7 Ra1+ 50. Kb8 g5 51. Rc6+ Kd7 52. Rc2 f5
53. Rd2+ Ke7 54. Kc8 Rc1+ 55. Kb8 g4 56. Re2+ Kf6 57. Ka7 Rb1 58. b8=Q Rxb8 59.
Kxb8 f4 60. Kc7 f3 61. Rf2 Kf5 62. Kd6 Kf4 63. Kd5 g3 64. Rf1 g2 65. Rxf3+ Kxf3
{Time forfeit} 0-1

[Event "Rated Blitz game"]
[Site "?"]
[Date "2021.10.28"]
[Round "?"]
[White "jamshah12345"]
[Black "GrandeGila"]
[Result "1-0"]
[WhiteElo "2396"]
[BlackElo "2544"]
[PlyCount "107"]
[EventDate "2021.??.??"]
[EventType "blitz"]

1. e4 e5 2. Nf3 d5 3. exd5 e4 4. Qe2 Nf6 5. Nc3 Be7 6. Nxe4 Nxd5 7. d3 O-O 8.
Qd1 Re8 9. Be2 f5 10. Nc3 Bb4 11. Bd2 Bxc3 12. bxc3 Qf6 13. d4 c5 14. O-O cxd4
15. cxd4 Nc6 16. c3 Kh8 17. Bd3 f4 18. h3 Bf5 19. Bb5 Re7 20. Re1 Rae8 21. Rxe7
Rxe7 22. Bxc6 bxc6 23. Ne5 c5 24. Qb3 Be6 25. Qb8+ Bg8 26. Re1 g5 27. Qc8 cxd4
28. cxd4 Kg7 29. h4 h6 30. hxg5 hxg5 31. Bc1 Be6 32. Qb8 Bf5 33. Ba3 Re6 34.
Qxa7+ Kg8 35. Qa8+ Kg7 36. Qxd5 f3 37. Nxf3 Rxe1+ 38. Nxe1 Qe7 39. Qe5+ Qxe5
40. dxe5 Kf7 41. Bd6 Ke6 42. a4 Be4 43. a5 g4 44. a6 Bd5 45. a7 Kd7 46. Nd3 g3
47. fxg3 Kc8 48. g4 Kb7 49. Bb8 Be6 50. g5 Bf5 51. Nf4 Ka8 52. g6 Kb7 53. g7
Be6 54. Nxe6 {Normal} 1-0